Moody Gardens 2.0: Emotive Resonance In Urban Landscapes An Investigation Of The Embedded Emotions Of A Space And Its Application In Landscape Design Through The Lens Of The Navarasa Theory (Record no. 366381)

MARC details
000 -LEADER
fixed length control field 00647nam a22001697a 4500
005 - DATE AND TIME OF LATEST TRANSACTION
control field 20250818112601.0
008 - FIXED-LENGTH DATA ELEMENTS--GENERAL INFORMATION
fixed length control field 250515b |||||||| |||| 00| 0 eng d
041 ## - LANGUAGE CODE
Language code of text/sound track or separate title eng
082 ## - DEWEY DECIMAL CLASSIFICATION NUMBER
Classification number 712
Item number JOG
100 ## - MAIN ENTRY--PERSONAL NAME
Author Joglekar Anannya
245 ## - TITLE STATEMENT
Title Moody Gardens 2.0: Emotive Resonance In Urban Landscapes An Investigation Of The Embedded Emotions Of A Space And Its Application In Landscape Design Through The Lens Of The Navarasa Theory
260 ## - PUBLICATION, DISTRIBUTION, ETC.
Place of publication, distribution, etc. Pune
Name of publisher, distributor, etc. BNCA M Arch Landscape Architecture
Date of publication, distribution, etc. 2025
300 ## - PHYSICAL DESCRIPTION
Extent 103 Pages
Other physical details Pb
Dimensions 30 x 35
365 ## - TRADE PRICE
Price type code INR
Price amount 150.00
Currency code Rupaye
500 ## - GENERAL NOTE
Keywords BNCA M Arch Landscape Architecture Thesis
942 ## - ADDED ENTRY ELEMENTS (KOHA)
Koha item type Project Reports
Holdings
Withdrawn status Lost status Source of classification or shelving scheme Damaged status Not for loan Home library Current library Date acquired Vendor Net Price Bill number Full call number Barcode Date last seen Actual Price Bill Date Koha item type
    Dewey Decimal Classification   Reference Dr. Bhanuben Nanavati College of Architecture Dr. Bhanuben Nanavati College of Architecture 15/05/2025 BNCA-M Arch Landscape Architecture 150.00 00 712 JOG BNCA-PR-2305 15/05/2025 150.00 15/05/2025 Project Reports